000 00369nam a2200145Ia 4500
008 231129s2009||||xx |||||||||||||| ||spa||
020 _a978-84-96388-43-7
040 _bspa
082 _a(i) 833 W855v
100 _aWolfel Ursula
245 0 _a29 historias disparatadas
260 _c2009
264 _aKalandraka
942 _2ddc
_cBKS
999 _c2592
_d2592